La Rusia que yo conocí (Record no. 135807)

MARC details
000 -LEADER
campo de control de longitud fija 00513nam a2200181 4500
001 - NÚMERO DE CONTROL
campo de control 135807
003 - IDENTIFICADOR DE NÚMERO DE CONTROL
campo de control ES-MaACL
005 - FECHA Y HORA DE LA ÚLTIMA TRANSACCIÓN
campo de control 20230906194948.0
007 - CAMPO FIJO DE DESCRIPCIÓN FÍSICA--INFORMACIÓN GENERAL
campo de control de longitud fija t|
008 - DATOS DE LONGITUD FIJA--INFORMACIÓN GENERAL
campo de control de longitud fija 070214s1981 sp r ||||1| spa d
100 1# - ENTRADA PRINCIPAL--NOMBRE DE PERSONA
Nombre de persona Ruiz Ayúcar, Angel.
9 (RLIN) 100662
245 13 - MENCIÓN DEL TÍTULO
Título La Rusia que yo conocí
Resto del título : (División Azul) /
Mención de responsabilidad, etc. Angel Ruiz Ayúcar.
250 ## - MENCION DE EDICION
Mención de edición 3ª ed.
260 ## - PUBLICACIÓN, DISTRIBUCIÓN, ETC.
Lugar de publicación, distribución, etc. Madrid :
Nombre del editor, distribuidor, etc. Fuerza Nueva,
Fecha de publicación, distribución, etc. 1981.
300 ## - DESCRIPCIÓN FÍSICA
Extensión 201 p. ;
Dimensiones 20 cm.
700 1# - ENTRADA AGREGADA--NOMBRE PERSONAL
Nombre de persona Fuerza Nueva.
9 (RLIN) 52973
852 ## - LOCALIZACIÓN
Ubicación ES-MaACL
Número de control de estantería L-11739
Sublocalización o colección R.113442
Holdings
Estatus retirado Estado de pérdida Estado de daño No para préstamo Biblioteca de origen Biblioteca actual Ubicación en estantería Fecha de adquisición Fuente de adquisición Total de préstamos Signatura topográfica completa Código de barras Visto por última vez Precio de reemplazo Tipo de ítem Koha
        Biblioteca del Ateneo de Madrid Biblioteca del Ateneo de Madrid Depósito 2 17/01/2008     L-11739 1141345 23/02/2023 23/02/2023 Libro impreso